| 000 | 01207cam a2200313 a 4500 | ||
|---|---|---|---|
| 001 | 28628 | ||
| 005 | 20230410143526.0 | ||
| 008 | 050729s2004 sp b 000 0 spa | ||
| 035 | _a14056917 | ||
| 925 | 0 |
_aacquire _b1 shelf copy _xpolicy default |
|
| 942 |
_2lcc _cbk |
||
| 010 | _a 2005437644 | ||
| 020 | _a8447528553 | ||
| 040 |
_aDLC _cDLC _dDLC |
||
| 042 | _apcc | ||
| 050 | 1 | 4 |
_aRG 133.5 _bB561t 2004 |
| 100 | 1 | _aBestard-Camps, Joan. | |
| 245 | 1 | 0 |
_aTras la biología : _bla moralidad del parentesco y las nuevas tecnologías de reproducción / _cJoan Bestard Camps. |
| 250 | _a1. ed. | ||
| 260 |
_aBarcelona : _bDepartament d'Antropologia Cultural i Història d'Amèrica i d'Àfrica, Universitat de Barcelona, _c2004. |
||
| 300 |
_a157 p. ; _c21 cm. |
||
| 440 | 0 |
_aEstudis d'antropología social i cultural ; _v12 |
|
| 504 | _aIncludes bibliographical references (p. 151-157). | ||
| 650 | 0 | _aHuman reproductive technology | |
| 650 | 0 |
_aHuman reproductive technology _xMoral and ethical aspects. |
|
| 650 | 0 |
_aBiotechnology _xMoral and ethical aspects. |
|
| 650 | 0 | _aKinship. | |
| 710 | 2 |
_aUniversitat de Barcelona. _bDepartament d'Antropologia Cultural i Història d'Amèrica i Àfrica. |
|
| 999 |
_c103293 _d103293 |
||